000 01182nam a22001937a 4500
999 _c63409
_d63409
003 Ge_BSU
005 20251002154223.0
008 251002s1971 ge ||||| |||| 00| 0 geo d
041 _ageo
080 _a631.115.6(479.22)(063) ს-32
245 _aსაქართველოს კოლმეურნეთა III ყრილობა
_b30-31 ოქტომბერი, 1969 წ. სტენოგრ. ანგარიში /
_c [სარედ. კოლეგია: დ. გოგოხია, ბ. გიგიბერია, ა. მანელაშვილი და სხვ.].
264 _aთბილისი :
_bსაქართველოს კპ ცკ-ის გამ-ბა,
_c 1971.
300 _a215 გვ. :
_b ილ. ;
_c21 სმ
653 _aკოლმეურნეთა ყრილობები საქართველოში
700 _aგოგოხია, დ.
_e რედაქტორი
_925925
700 _aგიგიბერია, ბ.
_eრედაქტორი.
_925926
700 _aმანელაშვილი, ა.
_e რედაქტორი
_925927
942 _2udc
_cᲬᲘᲒᲜᲘ